<?xml version="1.0" encoding="UTF-8"?><marc:collection xmlns:marc="http://www.loc.gov/MARC21/slim">
  <marc:record>
    <marc:leader>00000nam  2200000zi 4500</marc:leader>
    <marc:controlfield tag="001">9.892864</marc:controlfield>
    <marc:controlfield tag="003">CaOODSP</marc:controlfield>
    <marc:controlfield tag="005">20221107173303</marc:controlfield>
    <marc:controlfield tag="006">m     o  d f      </marc:controlfield>
    <marc:controlfield tag="007">cr cn|||||||||</marc:controlfield>
    <marc:controlfield tag="008">201026s2020    onca    obs  f000 0 fre d</marc:controlfield>
    <marc:datafield tag="040" ind1=" " ind2=" ">
      <marc:subfield code="a">CaOODSP</marc:subfield>
      <marc:subfield code="b">fre</marc:subfield>
      <marc:subfield code="e">rda</marc:subfield>
      <marc:subfield code="c">CaOODSP</marc:subfield>
    </marc:datafield>
    <marc:datafield tag="043" ind1=" " ind2=" ">
      <marc:subfield code="a">n-cn---</marc:subfield>
    </marc:datafield>
    <marc:datafield tag="045" ind1=" " ind2=" ">
      <marc:subfield code="a">y0y1</marc:subfield>
    </marc:datafield>
    <marc:datafield tag="086" ind1="1" ind2=" ">
      <marc:subfield code="a">NH15-295/1-2020F-PDF</marc:subfield>
      <marc:subfield code="z">NH15-295/1-2012F</marc:subfield>
    </marc:datafield>
    <marc:datafield tag="245" ind1="0" ind2="3">
      <marc:subfield code="a">Le logement des aînés au Canada : </marc:subfield>
      <marc:subfield code="b">le guide du marché des plus de 55 ans : comprendre le marché.</marc:subfield>
    </marc:datafield>
    <marc:datafield tag="264" ind1=" " ind2="1">
      <marc:subfield code="a">[Ottawa] : </marc:subfield>
      <marc:subfield code="b">Société canadienne d'hypothèques et de logement, </marc:subfield>
      <marc:subfield code="c">2020.</marc:subfield>
    </marc:datafield>
    <marc:datafield tag="300" ind1=" " ind2=" ">
      <marc:subfield code="a">1 ressource en ligne (28, 1 pages) : </marc:subfield>
      <marc:subfield code="b">illustrations en couleur</marc:subfield>
    </marc:datafield>
    <marc:datafield tag="336" ind1=" " ind2=" ">
      <marc:subfield code="a">texte</marc:subfield>
      <marc:subfield code="b">txt</marc:subfield>
      <marc:subfield code="2">rdacontent/fre</marc:subfield>
    </marc:datafield>
    <marc:datafield tag="337" ind1=" " ind2=" ">
      <marc:subfield code="a">informatique</marc:subfield>
      <marc:subfield code="b">c</marc:subfield>
      <marc:subfield code="2">rdamedia/fre</marc:subfield>
    </marc:datafield>
    <marc:datafield tag="338" ind1=" " ind2=" ">
      <marc:subfield code="a">ressource en ligne</marc:subfield>
      <marc:subfield code="b">cr</marc:subfield>
      <marc:subfield code="2">rdacarrier/fre</marc:subfield>
    </marc:datafield>
    <marc:datafield tag="500" ind1=" " ind2=" ">
      <marc:subfield code="a">Publié aussi en anglais sous le titre : Housing for older Canadians: the definitive guide to the over-55 market: understanding the market.</marc:subfield>
    </marc:datafield>
    <marc:datafield tag="500" ind1=" " ind2=" ">
      <marc:subfield code="a">« Révisé : 2013, 2015, 2020. »</marc:subfield>
    </marc:datafield>
    <marc:datafield tag="500" ind1=" " ind2=" ">
      <marc:subfield code="a">La date de copyright imprimée dans cette publication est incorrecte.</marc:subfield>
    </marc:datafield>
    <marc:datafield tag="504" ind1=" " ind2=" ">
      <marc:subfield code="a">Comprend des références bibliographiques.</marc:subfield>
    </marc:datafield>
    <marc:datafield tag="520" ind1=" " ind2=" ">
      <marc:subfield code="a">« Le présent guide vise à fournir de l'information aux producteurs, y compris les producteurs de logements sans but lucratif, et aux municipalités afin de les aider à répondre aux besoins de logement des aînés aujourd'hui et dans les années à venir. Il donne un aperçu du secteur du logement des aînés au Canada et vise à répondre, à l'aide des statistiques les plus récentes, aux questions suivantes : Quelle est l'importance de ce secteur et comment varie-t-il d'un bout à l'autre du pays? Quelles sont les tendances quant à l'âge de la retraite et au fait de travailler après l'âge de 65 ans? Comment le mode de vie, le revenu et la mobilité influent-ils sur les besoins de logement? Les aînés qui déménagent veulent-ils acheter ou louer? Quels sont les désirs et les besoins de logement des aînés? Que signifie « vieillir sur place » dans le contexte d'aujourd’hui, et quelle est la meilleure manière de l'appuyer? Quelles sont quelques occasions qui s'offrent de concevoir et de construire des logements pour aînés? Quels sont les outils et les démarches qui permettent de mieux répondre aux besoins de logement des aînés? » -- Page 3.</marc:subfield>
    </marc:datafield>
    <marc:datafield tag="650" ind1=" " ind2="6">
      <marc:subfield code="a">Personnes âgées</marc:subfield>
      <marc:subfield code="x">Logement</marc:subfield>
      <marc:subfield code="z">Canada</marc:subfield>
      <marc:subfield code="x">Planification.</marc:subfield>
    </marc:datafield>
    <marc:datafield tag="650" ind1=" " ind2="6">
      <marc:subfield code="a">Personnes âgées</marc:subfield>
      <marc:subfield code="x">Logement</marc:subfield>
      <marc:subfield code="z">Canada</marc:subfield>
      <marc:subfield code="v">Statistiques.</marc:subfield>
    </marc:datafield>
    <marc:datafield tag="650" ind1=" " ind2="6">
      <marc:subfield code="a">Personnes âgées</marc:subfield>
      <marc:subfield code="z">Canada</marc:subfield>
      <marc:subfield code="v">Statistiques.</marc:subfield>
    </marc:datafield>
    <marc:datafield tag="655" ind1=" " ind2="7">
      <marc:subfield code="a">Statistiques</marc:subfield>
      <marc:subfield code="2">rvmgf</marc:subfield>
    </marc:datafield>
    <marc:datafield tag="710" ind1="2" ind2=" ">
      <marc:subfield code="a">Société canadienne d'hypothèques et de logement, </marc:subfield>
      <marc:subfield code="e">organisme de publication.</marc:subfield>
    </marc:datafield>
    <marc:datafield tag="775" ind1="0" ind2="8">
      <marc:subfield code="t">Housing for older Canadians : </marc:subfield>
      <marc:subfield code="w">(CaOODSP)9.892388</marc:subfield>
    </marc:datafield>
    <marc:datafield tag="856" ind1="4" ind2="0">
      <marc:subfield code="q">PDF</marc:subfield>
      <marc:subfield code="s">3.48 Mo</marc:subfield>
      <marc:subfield code="u">https://publications.gc.ca/collections/collection_2020/schl-cmhc/NH15-295-1-2020-fra.pdf</marc:subfield>
    </marc:datafield>
  </marc:record>
</marc:collection>
